Floods and their computation (Record no. 63176)
[ view plain ]
| 000 -LEADER | |
|---|---|
| fixed length control field | 00681nam a2200145 a 4500 |
| 008 - FIXED-LENGTH DATA ELEMENTS--GENERAL INFORMATION | |
| fixed length control field | 120416s1969 ||||||||||||||||| || u |
| 050 ## - LIBRARY OF CONGRESS CALL NUMBER | |
| Classification number | GB 1399.2 Flo |
| 245 10 - TITLE STATEMENT | |
| Title | Floods and their computation |
| 246 ## - | |
| -- | proceedings of the Leningrad symposium, August 1967 |
| 260 ## - PUBLICATION, DISTRIBUTION, ETC. | |
| Place of publication, distribution, etc. | Gentbrwgge |
| Name of publisher, distributor, etc. | IASH-Unesco-WMO |
| Date of publication, distribution, etc. | 1969 |
| 300 ## - PHYSICAL DESCRIPTION | |
| Extent | 589p. : ill. |
| 350 ## - | |
| -- | 0.00 |
| 995 ## - | |
| -- | BINDERY (DAMAGED) |
| -- | 0.00 |
| -- | 716766 |
| -- | CBU-MAIN LIBRARY (Kitwe) |
| -- | 2 |
| -- | 9.30 |
| -- | GB 1399.2 Flo |
| -- | 2 |
| -- | DAMAGED |
| -- | Feb 23, 2007 |
| -- | 002220 |
| -- | Main Library Open Access Collection |
| 995 ## - | |
| -- | MAIN LIBRARY OPEN ACCESS |
| -- | 0.00 |
| -- | 002219 |
| -- | CBU-MAIN LIBRARY (Kitwe) |
| -- | 1 |
| -- | 9.30 |
| -- | GB 1399.2 Flo |
| -- | AVAILABLE |
| -- | 002219 |
| -- | Main Library Open Access Collection |
| 999 ## - | |
| -- | 63176 |
| -- | 63176 |
| Withdrawn status | Lost status | Source of classification or shelving scheme | Damaged status | Not for loan | Permanent Location | Current Location | Shelving location | Date acquired | Total Checkouts | Full call number | Barcode | Date last seen | Price effective from | Koha item type |
|---|---|---|---|---|---|---|---|---|---|---|---|---|---|---|
| CBU-MAIN LIBRARY, KITWE. | CBU-MAIN LIBRARY, KITWE. | 12/24/2022 | GB 1399.2 Flo | 002220 | 12/24/2022 | 12/24/2022 | MONOGRAPH | |||||||
| CBU-MAIN LIBRARY, KITWE. | CBU-MAIN LIBRARY, KITWE. | 12/24/2022 | GB 1399.2 Flo | 002219 | 12/24/2022 | 12/24/2022 | MONOGRAPH |